000 00888nam a2200241Ia 4500
003 GCL
005 20240530102413.0
008 140319s9999 xx 000 0 ara d
040 _aGCL /
_cGCL
082 0 4 _a962.065
_bق/ف ن
100 1 _aفتحى عبدالفتاح
245 1 0 _aالناصرية وتجربة الثورة من اعلى :
_bالمسالة الزراعية /
_cفتحى عبدالفتاح
250 _aالاولى
260 _aالقاهرة :
_bدار الفكر للدراسات والنشر والتوزيع ،
_c1987
300 _a143 ص ؛
_c24 سم
650 0 4 _aالزراعة
650 0 4 _aالاصلاح الاجتماعى
650 0 4 _aالاراضى الزراعية
650 0 4 _aجمال عبدالناصر
650 0 4 _aمصر - الاحوال الاجتماعية
650 0 4 _aالاصلاح الزراعى - مصر
942 _2ddc
_cBK
999 _c31996
_d31996